| 000 | 00741cam a2200205 a 4500 | ||
|---|---|---|---|
| 020 | _a7208092028 | ||
| 020 | _a9787208092020 | ||
| 082 | 0 | 4 |
_a355.43 _bHAR _cL-30 P-17 |
| 100 | 1 |
_aLiddell Hart, Basil Henry, _937937 |
|
| 245 | 1 | 0 |
_aStrategy _bThe indirect Approcah _c Strategy : the indirect approach / Basil H. Liddell Hart. |
| 250 | _aDi 1 ban. | ||
| 260 |
_aShanghai _bShanghai ren min chu ban she, _c1972 |
||
| 300 |
_a2, 5, 327 p. : _bill., Maps ; _c25 cm. |
||
| 500 | _aTranslation of : Strategy : the indirect approach / by B. H. Liddell Hart. New York : Praeger, [1967] | ||
| 526 |
_a0 _b0 _c0 _d355_430000000000000_HAR |
||
| 650 | 0 |
_aMCE _9379 |
|
| 650 | 0 |
_aMilitary history. _91735 |
|
| 650 | 0 |
_aStrategy. _937938 |
|
| 942 |
_2ddc _cBK |
||
| 999 |
_c542674 _d542674 |
||